1181 1755 1217 1685 1445 1746 1868 1330 1093 1763 1920 1287 1242 1442 1413 1989 1451 1223 1252 1002 1525 1401 1869 1829 1882 1686 1460 1278 1240 1333 1407 1248 1065 1526 1380 1015 1277 1298 1148 1107 1719 1832 1766 1880 1830 1660 1534 1095 1380 1918 1150 1665 1350 1572 1089 1529 1473 1987 1470 1245 1079 1537 1813 1213 1253 1953 1063 1831 1581 1913 1082 1478 1802 1795 1331 1571 1944 1023 1740 1950 1368 1397 1520 1846 1630 1771 1199 1267 1714 1271 1100 1455 1951 1801 1716 1684 1652 1516 1307 BCNSPRNW ULIB Ver.6.0+V

เปลี่ยนเป็นภาษาไทย

Change to English
 แสดงรายละเอียดบรรณานุกรม
  กลับหน้าหลัก

Brief Record : Get Marc (ISO 2709) : E-mail record : QR code < ปิดหน้าต่าง
LEADER : 00000nam 2200000uu 4500
001    13399120507
003     ULIB
008    020711s2551 th a 000 0 tha d
020    9789742131227
050    WB537 ส849ศ
100    สุรเทพ อภัยจิตร
245    ศิลปการนวด/^cสุรเทพ อภัยจิตร
250    พิมพ์ครั้งที่ 1
260    กรุงเทพฯ :^bศูนย์สื่อเสริมกรุงเทพฯ,^c2551
300    372 หน้า
650    ศิลปการนวด
945    ^p300^l0^i15378
999    ^aทศพร เกษรทอง
รายการนี้ยังไม่มีแท็ก
คุณยังไม่ได้ล็อกอิน คุณสามารถมีกิจกรรมร่วมกับเว็บไซต์ได้ แต่ต้องล็อกอินก่อน ::
  ล็อกอิน

รายการสื่อสารสนเทศ

ลำดับที่ ประเภท เลขเรียก/บาร์โค้ด สถานที่ สถานะ
1. วิทยาศาสตร์การแพทย์ และสุขภาพ
วิทยาศาสตร์การแพทย์ และสุขภาพ
WB537 ส849ศ  
  Barcode: 15378
ห้องสมุดวิทยาเขตสวรรค์ประชารักษ์
►ส่วนจัดเก็บหนังสือเก่า สปร
บนชั้น
  ขอยืม

BibComment


ยังไม่เคยถูกคอมเมนท์

คอมเมนท์ทรัพยากรรายการนี้
  คอมเมนท์: ศิลปการนวด สุรเทพ..


 Copyright 2026. Bcnsprnw @Library